A dictionary of modern English usage. (Record no. 960)

000 -LEADER
fixed length control field 00671nam a2200205 a 4500
001 - CONTROL NUMBER
control field :::00014139$&:&@@
003 - CONTROL NUMBER IDENTIFIER
control field OkBaRHE
005 - DATE AND TIME OF LATEST TRANSACTION
control field 20100325145853.0
008 - FIXED-LENGTH DATA ELEMENTS--GENERAL INFORMATION
fixed length control field s1985 j 000 0 eng u
020 ## - INTERNATIONAL STANDARD BOOK NUMBER
International Standard Book Number 0517413655 (Crown Publishers)
040 ## - CATALOGING SOURCE
Transcribing agency
100 1# - MAIN ENTRY--PERSONAL NAME
Personal name Fowler, H. W. (Henry Watson), 1858-1933.
245 12 - TITLE STATEMENT
Title A dictionary of modern English usage.
260 ## - PUBLICATION, DISTRIBUTION, ETC. (IMPRINT)
Place of publication, distribution, etc New York, NY., :
Name of publisher, distributor, etc Greenwich House
Date of publication, distribution, etc 1985
300 ## - PHYSICAL DESCRIPTION
Extent x, 742 p. ;
Dimensions 21 cm.
650 ## - SUBJECT ADDED ENTRY--TOPICAL TERM
Topical term or geographic name as entry element English Language
General subdivision Dictionaries
650 ## - SUBJECT ADDED ENTRY--TOPICAL TERM
Topical term or geographic name as entry element English Language
General subdivision Usage
942 ## - ADDED ENTRY ELEMENTS (KOHA)
Source of classification or shelving scheme
Koha item type Books
Copies
Date acquired Shelving location Copy number Date last seen Source of classification or shelving scheme Not for loan Koha item type Withdrawn status Full call number Collection code Lost status Damaged status Permanent Location Price effective from Barcode
2010-04-14General Stacks12010-04-14  Books PE 1628 .F65Reference  RHEMA Bible Training College2010-04-1414139